000 00435nam a2200157 a 4500
005 20140414093837.0
008 021220s19uu xx 00 eng d
050 _aVCD 780
_bChr 2001
245 _aVideo karaoke christmas sing-along
260 _aQuezon City
_bAble Music International
_cc2001
500 _aContents: 17 songs
650 _aChristmas sing-along.
650 _aChristmas songs.
942 _cAVM
999 _c109084
_d109084